| 000 | 00714 a2200229 4500 | ||
|---|---|---|---|
| 001 | 63102 | ||
| 005 | 20260407155926.0 | ||
| 008 | 260407a1974 arg spa d | ||
| 003 | AR-UNSa-BCEJYS | ||
| 040 |
_aAR-UNSa-BCEJYS _bspa _cAR-UNSa-BCEJYS |
||
| 080 |
_a339.5 _xComercio exterior. Comercio Internacional |
||
| 245 | 1 | 0 |
_aComercio internacional _pIntroducción al mundo de la empresa multinacional |
| 264 | 1 |
_aNew Jersey : _bPrentice/Hall Internacional _c1974 |
|
| 300 |
_axvi, 408 p. _c23 cm. |
||
| 041 | _aspa | ||
| 942 | _cBK | ||
| 590 | _aniveau_biblio:m niveau_hierar:0 | ||
| 100 | 1 | _aHays, Richard D. | |
| 700 | 1 | _aKorth, Christopher M. | |
| 700 | 1 | _aRodil, Florencio | |
| 700 | 1 | _aRoudiani, Manucher | |
| 999 |
_c7991 _d7991 |
||